[Event "FRA-chT4 0506"]
[Site "France"]
[Date "2005.10.02"]
[Round "1"]
[White "Jourdelat, Philippe"]
[Black "Loiseau, Thierry"]
[Result "1-0"]
[WhiteElo "1700"]
[BlackElo "1750"]
[PlyCount "105"]
[EventDate "2005.10.02"]
[EventType "team"]
[EventRounds "9"]
[EventCountry "FRA"]
[SourceTitle "EXT 2007"]
[Source "ChessBase"]
[SourceDate "2006.11.23"]
[SourceVersion "1"]
[SourceVersionDate "2006.11.23"]
[SourceQuality "1"]

1. e4 e5 2. Nf3 Nc6 3. Bc4 Bc5 4. b4 Bxb4 5. c3 Be7 6. 0-0 Nf6 7. d4 0-0 8. dxe5 Nxe4 9. Bd5 Ng5 10. Nxg5 Bxg5 11. f4 Be7 12. Qf3 Bc5+ 13. Kh1 Qe7 14. Bb2 d6 15. exd6 Qxd6 16. Rd1 Be6 17. c4 Rad8 18. Qg3 f6 19. Nc3 Bxd5 20. Nxd5 Kh8 21. Nc3 Qe6 22. Nd5 Qf7 23. Rab1 Nb4 24. Qc3 Nxd5 25. cxd5 b6 26. Rd3 Bd6 27. Rf1 Qh5 28. Qc2 Rde8 29. Rh3 Re2 30. Qd3 Qxh3 31. Qxh3 Rxb2 32. a4 Bxf4 33. Qa3 Bd6 34. Qxb2 a5 35. Qe2 h6 36. Rf3 Kh7 37. Re3 Rf7 38. Re6 g6 39. g3 Kg7 40. Rxd6 cxd6 41. Qe6 g5 42. Qxd6 Kg6 43. Qxb6 h5 44. d6 h4 45. g4 h3 46. Qb1+ Kh6 47. Qf5 Rb7 48. d7 Rc7 49. Qxf6+ Kh7 50. Qxg5 Rc8 51. d8Q Rb8 52. Qde7+ Kh8 53. Qgg7# 1-0